000 00590nam a2200193 a 4500
005 20140310183425.0
008 070927s19uu xx 00 eng d
020 _a0071454012
050 _aTK 5103.2
_b.Oh37 2005
100 _aOrthman, Frank
245 _aWiMAX handbook :
_bbuilding 802.16 wireless networks.
260 _aNew York :
_bMcGraw Hill, Inc,
_c2005.
300 _a261 p. :
_bill.;
_c25 cm.
650 _aMobile communication systems.
650 _aWireless communication systems.
650 _aBroadband communication systems.
942 _cBK
_2lcc
_kFOR
999 _c22643
_d22643